000 00413nam a22001697a 4500
003 OSt
005 20260309152930.0
008 260309b |||||||| |||| 00| 0 eng d
020 _a9780375713965
082 _a338.47
_bBECE
100 _aBeckert, Sven
245 _aEmpire of cotton: a global history
260 _aNew York
_bVintage Books
_c2015
546 _aEnglish
650 _aEconomics
942 _2ddc
_cBK
999 _c3960
_d3960